| 000 | 00644nam a2200193Ia 4500 | ||
|---|---|---|---|
| 001 | 11837 | ||
| 003 | GE_BSU | ||
| 008 | 181216s||||||||xx |||||||||||||| ||und|| | ||
| 040 | _cGE_BSU | ||
| 080 | _a8(038)+8(031) | ||
| 245 | _aЛитературная энциклопедия. Т.3 | ||
| 245 | _cРедакц. колл.И.М.Беспалов, П.И.Лебедев-Полянский,И.Л.Маца и др. | ||
| 260 | _aМосква | ||
| 260 | _bИзд-во коммунистической акад. | ||
| 260 | _c1930 | ||
| 300 | _a634стр.25см.илл. | ||
| 653 | _aЛитературная энциклопедия | ||
| 942 | _cBK | ||
| 999 |
_c45016 _d45016 |
||